000 07742nam a22006257a 4500
005 20090521111530.0
008 080922t xxu||||| |||| 00| 0 eng d
010 _aENG-93642
020 _c190.00
_a9788178125275
035 _aEN-77175
035 _aB-362235-265
037 _bDBAD / PUB
037 _bRamesh Pub. House
040 _adpl
_bEnglish
082 _a000
245 _aR. Gupta's popular master guide Intelligence Bureau Assistant Central Intelligence Officers grade-II (Wireless telegraphy):
_baccording to latest syllabus
260 _aNew Delhi
_bRamesh Publishing House
_c2010
270 _a12-H, New Darya Ganj Road, Opp. Traffic Kotwali
_bNew Delhi
_e110002
_k23261567, 23275224
_l011-23275124
_minfo@rameshpublishinghouse.com
300 _aVarious pagings
_c25cm(pbk)
650 _aIntelligence Bureau Assistant Central Intelligence Officers grade-II (Wireless telegraphy)
_xExaminations, questions, etc.
942 _2ddc
_cEN
_mRGU
_h000
999 _c26651
_d26651